|
|
|
|
| LEADER |
01018nam a2200277 4500 |
| 001 |
DLU120143405 |
| 005 |
##20121102 |
| 040 |
# |
# |
|a DLU
|b vie
|
| 041 |
# |
# |
|a vie
|
| 044 |
# |
# |
|a vn
|
| 245 |
# |
# |
|a Mô hình hoạt động trung tâm học liệu trường Đại học Cần Thơ /
|c Nguyễn Thị Tuyết Trinh, Nguyễn Thị Hoàng Lâm, Bùi Thị Phượng, Lê Ngọc Linh.
|
| 700 |
# |
# |
|a Bùi Thị Phượng.
|
| 700 |
# |
# |
|a Lê Ngọc Linh.
|
| 700 |
# |
# |
|a Nguyễn Thị Hoàng Lâm.
|
| 700 |
# |
# |
|a Nguyễn Thị Tuyết Trinh.
|
| 773 |
# |
# |
|t Xây dựng Thư viện hiện đại, góp phần nâng cao chất lượng đào tạo trong các trường Đại học ở Việt Nam hiện nay
|g 2009, tr. 232-238
|
| 920 |
# |
# |
|a Phòng Tạp chí -- Trung tâm Thông tin - Thư viện Trường Đại học Đà Lạt
|
| 994 |
# |
# |
|a DLU
|
| 900 |
# |
# |
|a True
|
| 911 |
# |
# |
|a Nguyễn Thị Tưởng
|
| 925 |
# |
# |
|a G
|
| 926 |
# |
# |
|a A
|
| 927 |
# |
# |
|a BB
|
| 980 |
# |
# |
|a Thư viện Trường Đại học Đà Lạt
|